000 00957nam a2200277 a 4500
001 370
003 BR-CuiBMT
005 20231122003051.0
008 231102s2010 mgba 001 0 por d
020 _a9788577002917
040 _aBR-CuiBMT
_cBR-CuiBMT
080 _22007
_a346.1
090 _a346.1
_bD598
245 0 0 _aDireito concorrencial e regulação econômica /
_cEgon Bockmann Moreira, Paulo Todescan Lessa Mattos, coordenadores ; [autores: Alexandre Wagner Nester ... et al.].
260 _aBelo Horizonte :
_bFórum,
_c2010.
300 _a523 p. :
_bil. ;
_c22 cm
504 _aInclui bibliografia e índice.
650 _aDireito concorrencial
_zBrasil
650 _aDireito econômico
_zBrasil
650 _aConcorrência
_zBrasil
650 _aEconomia
_xRegulação
700 1 _aMoreira, Egon Bockmann
_4coord.
700 1 _aMattos, Paulo Todescan Lessa
_4coord.
700 1 _aNester, Alexandre Wagner
_eet al.
_eautores
942 _2udc
_cLV
999 _c370
_d370